000 02143cam a2200361 a 4500
999 _c10981
_d10981
001 14019210
003 OSt
005 20191220151047.0
008 050629s2005 ii a b 100 0 eng
010 _a 2004314938
020 _a0070588112
025 _aI-E-2004-314938; 79-08
037 _bLibrary of Congress -- New Delhi Overseas Office
_cRs600.00
040 _aDLC
_coclc
042 _alcode
043 _aaz-----
082 _a330.954
_bKHA/E
100 _9626
_aKhan, Mohsin S
111 2 _aSANEI Conference
_n(4th :
_d2002 :
_cDhaka, Bangladesh)
245 1 0 _aEconomic development in South Asia /
_cMohsin S Khan
260 _aNew Delhi :
_bTata McGraw-Hill Pub. Co. Ltd,
_c2005.
300 _a437 p
504 _aIncludes bibliographical references.
505 0 _aEconomic development in South Asia : an overview / Mohsin S. Khan -- Exports and economic growth in South Asia / A.R. Kemal, Musleh ud Din, Usman Qadir -- Informal trade in India, Nepal, and Sri Lanka / Nisha Taneja ... [et al.] -- Reforms and power sector in South Asia : scope and challenges for cross-border trade / Mahendra P. Lama, Q.K. Ahmad, Mohan Man Sainju -- The economics of pensions and social security in South Asia / S. Irudaya Rajan ... [et al.] -- Causes of fertility decline in India and Bangladesh / S. Mahendra Dev, K.S. James, Binayak Sen -- Gender and local governance : a new discourse in development / Ishrat Shamim, Ranjana Kumari -- An economic analysis of mangroves in South Asia / V. Santhakumar, A.K. Enamul Haque, Rabindranath Bhattacharya.
520 _aContributed articles on economic policy in South Asia presented at Fourth Annual SANEI Conference at Dhaka, in 2002 initiated by South Asia Network of Economic Research Institutes.
651 0 _aSouth Asia
_xEconomic policy
_vCongresses.
651 0 _aSouth Asia
_xEconomic conditions
_vCongresses.
700 1 _aKhan, Mohsin S.
710 2 _aSouth Asia Network of Economic Research Institutes.
906 _a7
_bcbc
_corigode
_d3
_encip
_f20
_gy-gencatlg
942 _2ddc
_cBK
_h330.954
_iKHA/E
_k330.954
_mKHA/E